Присаянье на перепутье эпох: люди, события, факты Монография
Это издание о саянцах - жителях одного из юго-восточных районов Краснояр- ского края. История Саянского района начинается из глубины веков. Она хранит немало преданий и неразгаданных тайн насыщена героикой и драмой сельчан в мире российской цивилизации типична для истории сибирской деревни. Монограф...
Сохранить в:
| Главный автор: | |
|---|---|
| Формат: | Монография |
| Online-ссылка: | https://znanium.com/catalog/document?id=81238 https://znanium.com/cover/0550/550043.jpg |
| Метки: |
Добавить метку
Нет меток, Требуется 1-ая метка записи!
|
| LEADER | 02296nam0a2200289 i 4500 | ||
|---|---|---|---|
| 001 | RU\infra-m\znanium\bibl\550043 | ||
| 003 | https://znanium.com/catalog/document?id=81238 | ||
| 005 | 20210421000000.0 | ||
| 010 | |a 978-5-7638-3200-6 | ||
| 100 | |a 20210421d2016 m y0rusy0150 ca | ||
| 101 | 0 | |a rus | |
| 102 | |a RU | ||
| 200 | 1 | |a Присаянье на перепутье эпох: люди, события, факты |e Монография |f Сибирский федеральный университет | |
| 210 | 1 | |a Красноярск |c Сибирский федеральный университет |d 2015 | |
| 215 | |a 418 с. | ||
| 330 | |a Это издание о саянцах - жителях одного из юго-восточных районов Краснояр- ского края. История Саянского района начинается из глубины веков. Она хранит немало преданий и неразгаданных тайн насыщена героикой и драмой сельчан в мире российской цивилизации типична для истории сибирской деревни. Монография выполнена на кафедре истории России ФГАОУ ВПО «Сибирский федеральный университет». Предназначена для широкого круга читателей. | ||
| 333 | |a ВО - Магистратура | ||
| 606 | |a История. Исторические науки |x История отдельных народов и регионов России |2 local | ||
| 608 | |a Монография |2 local | ||
| 675 | |a 944 |z rus | ||
| 686 | |a 6332 |2 rubbk | ||
| 686 | |a 46.03.01 |2 okso | ||
| 686 | |a 46.04.01 |2 okso | ||
| 700 | 1 | |a Северьянов |b М.Д. |g Михаил Дмитриевич |p Сибирский федеральный университет | |
| 801 | 0 | |a RU |b Общество с ограниченной ответственностью «ЗНАНИУМ» |c 20160311 |2 rusmarc | |
| 856 | 4 | |a znanium.com |m ebs_support@infra-m.ru |n НИЦ ИНФРА-М |u https://znanium.com/catalog/document?id=81238 | |
| 856 | 4 | 1 | |a znanium.com |d /cover/0550 |f 550043.jpg |q image/jpeg |u https://znanium.com/cover/0550/550043.jpg |